000 00774nas a2200265 4500
001 BR8500766
003 BR-BrBNA
005 20231205090121.0
007 ta
008 230509b bl.|||p| |||| 00| 00por d
040 _aBR-BrBNA
_bpor
_cBiblioteca Nacional de Agricultura
041 _a(Pt)
072 _aH10
100 1 _aCruz, V.R. da
245 1 _aDanos e controle das principais pragas [algodao, Gossypium hirsutum, broca, acaro, curuquere, lagarta]
650 _aALGODAO
650 _aBROCA
650 _aACARO
650 _aCURUQUERE
650 _aLAGARTA
650 _aCONTROLE QUIMICO
773 0 _tCorreio Agricola (Brazil)
_xISSN 0100-3909
_g(1985), (no. 1) p. 678-685
_wBR8500766
909 _a202311
_bLúcia
_c55
_dLúcia Elande
942 _2AGRIS
_n0
_cANA
999 _c116242
_d116242